| 000 | 01433nam0a2200337 i 4500 | ||
|---|---|---|---|
| 001 | RU\NLR\bibl\2023338 | ||
| 005 | 20260406024217.0 | ||
| 010 |
_a9785913130891 _91500 |
||
| 021 |
_aRU _b2013-22564 _91583 |
||
| 035 | _a(NLR Aleph) 002011491 | ||
| 090 |
_a4460522 _c4460522 |
||
| 100 | _a20130412d2013 u y0rusy50 ca | ||
| 101 | 0 | _arus | |
| 102 | _aRU | ||
| 105 | _aa ||||||||| | ||
| 200 | 1 |
_aАстрология любви и брака _fКонстантин Дараган, Яна Новикова |
|
| 210 |
_aМосква _cМир Урании _d2013 |
||
| 215 |
_a498 с. _cил. _d21 |
||
| 300 | _aНа 498-й с. авт., Константин Дараган - к.филос.н., доц., проф. астролог, Яна Новикова - проф. психолог, астролог | ||
| 320 | _aБиблиогр.: с. 496-497 | ||
| 606 |
_aАстрология _91178522 _3RU\NLR\auth\66156241 |
||
| 686 | _aЭ391.211 | ||
| 700 | 1 |
_4070 _7ca _8rus _aДараган _bК. А. _cканд. филос. наук, астролог _f1972- _gКонстантин Александрович _9251393 _3RU\NLR\AUTH\770251449 |
|
| 701 | 1 |
_4070 _7ca _8rus _aНовикова _bЯ. _cастропсихолог _f1974- _gЯна _9108705 _3RU\NLR\auth\77125781 |
|
| 801 | 0 |
_aRU _bNLR _c20130412 _gRCR |
|
| 801 | 1 |
_aRU _bNLR _c20130412 |
|
| 942 | _cBOOK | ||
| 980 | _aNBR | ||